000 00950ngm a22003610a 4500
001 PT52270
003 AR-LpoUNG
005 20210201232351.0
007 co ||u|||uuuuu
008 191001s2002||||xxu|||||||||||||||||eng d
040 _aAR-LpoUNG
_bspa
_cAR-LpoUNG
_eaacr
041 _aeng
044 _axxu
082 0 _a910.011 3 948und
100 1 _aWright, Dawn J.
_eed.
245 1 0 _aUndersea with gis
260 _aCalifornia :
_bEsri,
_c2002.
650 4 _aANALISIS DE LA INFORMACION
650 4 _aCIENCIA Y TECNOLOGIA
650 4 _aCONCEPTOS GEOGRAFICOS
650 4 _aGEOGRAFIA
650 4 _aMAPAS
650 4 _aMETODOS DE INVESTIGACION
650 4 _aPROCESAMIENTO DE DATOS
650 4 _aREGIONES GEOGRAFICAS
650 4 _aSISTEMAS DE INFORMACION GEOGRAFICA
651 4 _aDOCUMENTOS TEORICOS O METODOLOGICOS
653 _aANALISIS ESTRUCTURAL
653 _aGIS
653 _aSIG
905 _a52270
942 _cCDDVD
999 _c53494
_d53494